LAUBENTHAL, F., SCHLIACK, H., LEITFADEN DER NEUROLOGIE (Rukoväť neurológie)

Podrobná bibliografia
Hlavný autor: Dornetzhuberová, M. (Autor)
Médium: Článok
Jazyk:slovenčina

MARC

LEADER 00000nab a2200000ua 4500
001 vtls010764506
003 SK-MaSNL
005 20260304203057.0
008 250718s1968 xo |||||||||||||||||slo|
035 |a (urnnbn)urn:nbn:sk:snk:ar-a03g1x 
035 |a (uuid)d24c9f67-adbf-4700-a9e2-5a5d59fc82df 
035 |a urn:nbn:sk:snk-ab58wt 
040 |a SNKBUCL  |b slo  |c SNKBUCL  |e AACR2 
041 0 |a slo 
044 |a xo  |c SK 
100 1 |a Dornetzhuberová, M.  |4 aut  |9 1120885 
245 1 0 |a LAUBENTHAL, F., SCHLIACK, H., LEITFADEN DER NEUROLOGIE (Rukoväť neurológie)  |c M. Dornetzhuberová 
773 0 |t Bratislavské lekárske listy  |g Roč. 49, č. 3 (1968), s. 367 
850 |a Slovenská národná knižnica 
852 |a Slovenská národná knižnica 
954 |a odborná, vedecká literatúra pôvodná (slovenská)  |2 lita 
958 |a article3 
958 |a OND 
958 |a EUIPO 
999 |c 3107439  |d 3109369